000 00374nam a2200121Ia 4500
003 GCL
008 140319s9999 xx 000 0 ara d
040 _aGCL /
_cGCL
082 0 4 _a664.0288
_bى ح
245 1 0 _aحفظ الاغذية بالاشعاع
260 _a[S.N] :
_bقسم النشر بالجامعة الامريكية ،
_c1972
490 _aالذرة والسلام
_v0
999 _c30164
_d30164